000 00430nam a2200157 4500
001 123088
003 ES-MaACL
005 20230906192116.0
007 t|
008 070214s1966 sp r ||||0| spa d
100 1 _aProvencio, Pedro.
_994060
245 1 0 _aSin paz /
_cPedro Provencio.
260 _aMurcia :
_b[s. n..],
_c1966 (
_fImp. Muelas)
300 _a3 h., 23 f., 9 h ;
_c22 cm.
852 _aES-MaACL
_j2052-F-21
_bR.60301
999 _c123088
_d123088